000 01182nam a2200217Ia 4500
003 Ost
005 20260416102355.0
008 260416s9999||||xx |||||||||||||| ||und||
040 _cfsecg
041 _aara
082 _a658.3
100 _aجدي، أسماء
_eمؤلف
245 0 _aإدارة الموارد البشرية /
_c أسماء جدي
260 _aالجزائر
_bجامعة الجزائر3: كلية العلوم الإقتصادية، العلوم التجارية وعلوم التسيير
_c2020
300 _a69 ورقة
_c30 سم
504 _aمراجع ص.68
520 _aمفهوم وظيفة إدارة الموارد البشرية و أهميتها و اهدافها و التحليل و الوصف الوظيفي و تخطيط الموارد البشرية ، التوظيف و التدريب ، الأجور و الحوافز و تقييم أداء الموارد البشرية و تسيير المسار المهني .
653 _aادارة الافراد
710 _aجامعة الجزائر3: كلية العلوم الإقتصادية، العلوم التجارية وعلوم التسيير
_eناشر علمي
942 _cHANDOUT
999 _c41174
_d41174